000 00672nam a2200205Ia 4500
003 GCL
008 140319s9999 xx 000 0 ara d
040 _aGCL /
_cGCL
082 0 4 _a258.56
_bم ف
100 1 _aمحمود سعد
245 1 0 _aفقة الامام الليثى بن سعد فى ضوء الفقة المقارن /
_cمحمود سعد
260 _a[S.N] :
_bمنشاة المعارف الاسلامية ،
_c1988
300 _a496 ص
490 _a
650 0 4 _aالفقه الاسلامى
650 0 4 _aالمذاهب الاسلامية
650 0 4 _aالاسلام والسياسة
650 0 4 _aالمذاهب المنقرضة
942 _2ddc
_cBK
999 _c32334
_d32334